000 00966cab a2200253 4500
001 ABS55195
008 090401t1996 xxu||||| |||| 00| 0 eng d
035 _a(Sirsi) u14752
041 _aeng
100 _aEngland, J.
245 4 _aThe road to a corporate GIS in Gloucestershire - part 1: Building a strong case
260 _c1996
350 _a0
490 _aMapping Awareness
_v10(4) May 1996, 20-23(4)
520 _aDiscusses information sharing within the framework of the Local Government Review as a strategy to provide improved services to the Gloucestershire public. Argues that such strategy needs corporate GIS and discusses subsequently benefits, map costs, and departmental cooperation.
650 _aCORPORATE INFORMATION SHARING
650 _aGIS
650 _aGIS
650 _aGLOUCESTERSHIRE
650 _aINFORMATION SHARING
690 _aMANAGEMENT-BUSINESS MANAGEMENT-INFORMATION MANAGEMENT
942 _n0
948 _c04/03/1997
999 _c9628
_d9628